000 00723nam a2200217Ia 4500
001 7061
003 GE_BSU
008 181216s||||||||xx |||||||||||||| ||und||
040 _cGE_BSU
080 _a517.53/65
100 _aАлександров,И.А.
245 _aПараметрические продолжения в теории однолистных функции
245 _cред.Кизнер Ф.И. Горячая М.М.
260 _aМосква
260 _bНаука
260 _c1976
300 _a341стр.22см.
300 _eБиблиогр.340-342
653 _aПараметрические продолжения в теории однолистных функции
942 _cBK
999 _c40452
_d40452